"False Friends" - Englische Wörter die wie deutsche klingen - Statistiken

Allgemein
  • Dieses Quiz wurde 7.896 mal gespielt
  • Das Durchschnittsergebnis liegt bei 33 aus 50
Antwortstatistiken
Englisch Bedeutung auf Deutsch % Korrekt
ANGEL Engel
97%
ART Kunst
97%
FAST schnell
92%
ALSO auch
89%
ISLAND Insel
89%
LAKE See
88%
GIFT Geschenk
87%
WAR Krieg
87%
PLANE Flugzeug | Fläche
86%
BRAND Marke
86%
SPRING Frühling
85%
HELL Hölle
85%
NOT nicht
85%
(TO) SEE sehen
85%
STAR Stern
85%
KIND freundlich | Art und Weise
84%
BILLION Milliarde
84%
RAT Ratte
83%
(TO) TASTE schmecken
83%
MOST am meisten
81%
LAST letzte/r/s
78%
ROCK Felsen
77%
(TO) HAPPEN geschehen
77%
BALD glatzköpfig
77%
PERSONAL persönlich
77%
SENSE Sinn
72%
CHEF Koch
71%
(TO) GRAB greifen
67%
NUN Nonne
67%
LOCKER Spind
67%
QUEUE Warteschlange
67%
BOOT Stiefel
65%
DOSE Dosis
60%
LACK (OF) Mangel
55%
HANDY handlich
53%
BLENDER Mixer
53%
WAND Stab
51%
STOCK Bestand | Aktie
49%
BRIEF kurz
49%
FEE Gebühr
47%
GYMNASIUM Turnhalle
47%
HUT Hütte
44%
MIST Nebel
43%
PUPS Welpen
36%
GENIE Flaschengeist
33%
HOSE Schlauch
32%
GUT Darm
27%
FERN Farn
24%
STERN ernst
18%
FUSS Aufregung
11%
Keine übereinstimmenden Quizze gefunden
Verteilung der Resultate
Anzahl Personen mit jedem Resultat
Perzentil nach korrekt beantworteten Fragen
Ihre Resultats-Entwicklung
Sie haben dieses Quiz noch nicht gespielt